000 00758nam a22002057a 4500
999 _c19647
_d19647
003 AR-CdUCM
008 190322b ||||| |||| 00| 0 spa d
040 _aMUNICIPALIDAD PROVINCIAL DEL CUSCO
_cBIBLIOTECA MUNICIPAL DEL CUSCO
082 _a333.913 /
_bH498
100 _aHendriks, Jan
_922621
245 _aManual de riego por bombeo /
260 _aLima ;
_bServicios Holandés de cooperación al desarrollo,
_c1994.
300 _a237 páginas ;
_bIlustraciones,
_c25 cm.
505 _aContenido : Riego Por bombeo en la agricultura -- Problemas frecuentes --- Demanda de agua y riego...
650 _aProyectos de riego
_921106
650 _aCanales de riego
_922622
650 _aPrincipios hidráulicos
_941105
942 _2ddc
_cLIBROS
945 _arcc